Frankenstein and other stories
| Format: | Book |
|---|---|
| Published: |
Singapore :
Federal Pub ,
1992
|
| Series: | Times Young Classics Series
|
| Subjects: |
MARC
| LEADER | 00000cam a2200000 7i4500 | ||
|---|---|---|---|
| 001 | 0000000515 | ||
| 002 | 000000600 | ||
| 005 | 20000330.0 | ||
| 020 | |a 9810103522 | ||
| 090 | 0 | 0 | |a JF |b FRA |
| 245 | 0 | 0 | |a Frankenstein and other stories |
| 260 | |a Singapore : |b Federal Pub , |c 1992 | ||
| 300 | |a 83p : |b ill ; |c 19cm. | ||
| 490 | 0 | |a Times Young Classics Series | |
| 650 | 0 | 0 | |a Children's stories |
| 999 | |a 029545 |b BUKU |c PINJAMAN |e PERPUSTAKAAN KOMUNITI PETALING JAYA | ||
| 999 | |a 029546 |b BUKU |c PINJAMAN |e PERPUSTAKAAN KOMUNITI PETALING JAYA | ||